Estadísticas para Nombra los primeros 15 números - adecuado para niños pequeños

Haz click aquí para intentar la prueba.

Estadísticas generales

  • Esta prueba ha sido intentada 12 veces
  • La puntuación promedio es 13 de 15

Estadísticas de respuestas

Respuesta% Correcto
Dos
100%
Tres
100%
Cero
89%
Cinco
89%
Cuatro
89%
Diez
89%
Catorce
89%
Doce
89%
Nueve
89%
Ocho
89%
Once
89%
Seis
89%
Siete
89%
Trece
89%
Una
56%

Distribución de puntuación

Porcentaje por número respondido

Porcentaje de gente con cada puntuación

Historial de tus puntuaciones

No has intentado esta prueba.